Važecká jaskyňa 2

Bibliographic Details
Main Author: Eliáš, Michal, 1934-2018 (fot)
Other Authors: Ortutayová, Soňa (gup)
Format: Image
Language:Slovak
PhysicalDescription:1 skladačka ([18] s.) fotogr., mp. 11 x 67 cm po zložení 11 x 8 cm
Published: Liptovský Mikuláš Grafon [2004]
ISBN:8089130267
Edition:[1. vyd.]
Subjects:

MARC

LEADER 00000nkm a2200000 a 4500
001 vtls001477997
003 SK-MaSNL
005 20260331204201.0
008 231206s2004 xo 0k slo
015 |a SNBG2004/04-01794 
020 |a 8089130267 
035 |a SNK000433297 
040 |a SNK  |b slo  |c SNK  |e AACR2 
043 |a e-xo--- 
044 |a xo  |c SK 
072 7 |a 551  |x Geológia. Meteorológia. Klimatológia  |2 konspekt 
080 |a 908(437.6):551.444(089.7)=00  |2 2. slo 
080 |a 551.444  |2 2. slo 
080 |a 551.442  |2 1981 
080 |a (437.64-191.2)  |2 1981 
080 |a (24)  |2 1981 
080 |a (084.12)  |2 1981 
100 1 |a Eliáš, Michal,  |d 1934-2018  |4 fot  |9 13333 
245 1 |a Važecká jaskyňa 2  |h grafika  |c foto: M. Eliáš ; grafická úprava: Soňa Ortutayová 
250 |a [1. vyd.] 
260 |a Liptovský Mikuláš  |b Grafon  |c [2004] 
300 |a 1 skladačka ([18] s.)  |b fotogr., mp.  |c 11 x 67 cm po zložení 11 x 8 cm 
500 |a Súbež. text angl., nem., maď., poľ., ruš. 
650 0 7 |a jaskyne  |2 SNK  |9 20772 
651 7 |a Važecká jaskyňa (Slovensko)  |2 SNK  |9 58809 
651 7 |a Važecká jaskyňa (Slovensko)  |2 SNK  |9 58809 
655 7 |a geografické pohľadnice  |2 SNK  |9 70522 
655 7 |a skladačky  |2 SNK  |9 70683 
700 1 |a Ortutayová, Soňa  |4 gup  |9 299351 
919 |a 80-89130-26-7 
958 |a GC 
958 |a GBN 
999 |c 698236  |d 700166 
952 |t P60, <03>, [BOOK], {603}  |a SNK  |b SNK  |y PREZ  |7 0  |p 17A0435745  |o snkOSE 4055/2  |i snkKSP 8953/2004  |0 0  |1 0  |4 0  |d 2004-07-08  |l 0  |r 2005-01-02 00:00:00  |w 2026-02-23 
952 |t P60, <04>, [BOOK], {604}  |a SNK  |b SNK  |y PREZ  |7 0  |p 17A0435746  |o snkOSE 4055/2 D1  |i snkKSP 8954/2004  |0 0  |1 0  |4 0  |d 2004-07-08  |l 0  |r 2005-01-02 00:00:00  |w 2026-02-23